000 00781nmm a2200301 a 4500
003 AR-BaBNM
005 20251128203735.0
008 136119s1940 ||||||||||||||000 | spa||
040 _cAR-BaBNM
245 1 0 _aAntología de poesía sacra española
250 _a1ª ed.
260 _a[S.l.]
_bApolo
_c1940
300 0 _a665 p.
500 0 _aContiene índice de autores y obras en p. 655-665
650 4 _aLITERATURA ESPANOLA
650 4 _aANTOLOGIAS
650 4 _aLITERATURA CATOLICA
650 4 _aPOESIAS
650 4 _aPOESIA ESPANOLA
653 0 _aMESTER DE CLERECIA
653 0 _aSIGLO DE ORO
653 0 _aCANCIONEROS
653 0 _aPOESIA RELIGIOSA
655 _aLITERATURA
700 1 _aValbuena Prat, Angel
_ecompilador
942 _cBK
998 _cisola
999 _c4731
_d4731